<?xml version="1.0" encoding="UTF-8"?>
<collection xmlns="http://www.loc.gov/MARC21/slim">
 <record>
  <leader>01050nam a22001937a 4500</leader>
  <controlfield tag="001">NCT_4_011168</controlfield>
  <controlfield tag="008">240618b        xxu||||| |||| 00| 0 vie d</controlfield>
  <datafield tag="999" ind1=" " ind2=" ">
   <subfield code="c">8512</subfield>
   <subfield code="d">8512</subfield>
  </datafield>
  <datafield tag="020" ind1=" " ind2=" ">
   <subfield code="a">9786043728996</subfield>
   <subfield code="c">38000</subfield>
  </datafield>
  <datafield tag="082" ind1="0" ind2="4">
   <subfield code="2">23rd ed.</subfield>
   <subfield code="a">398.609597</subfield>
   <subfield code="b">C125Đ</subfield>
  </datafield>
  <datafield tag="245" ind1="0" ind2="0">
   <subfield code="a">Câu đố Việt Nam</subfield>
   <subfield code="c">Ngọc Hà (tuyển chọn)</subfield>
  </datafield>
  <datafield tag="260" ind1=" " ind2=" ">
   <subfield code="a">H.</subfield>
   <subfield code="b">Văn học ; Công ty Văn hóa Huy Hoàng</subfield>
   <subfield code="c">2022</subfield>
  </datafield>
  <datafield tag="300" ind1=" " ind2=" ">
   <subfield code="a">234 tr.</subfield>
   <subfield code="b">Minh họa</subfield>
   <subfield code="c">18cm</subfield>
  </datafield>
  <datafield tag="520" ind1="3" ind2=" ">
   <subfield code="a">Câu đố Việt Nam là một kho tàng kiến thức và tri thức của nhân dân. Nó dạy ta cách quan sát, phán đoán sự vật và các hiện tượng diễn ra quanh ta hoặc trong lịch sử một cách tinh nhạy.</subfield>
  </datafield>
  <datafield tag="653" ind1=" " ind2=" ">
   <subfield code="a">Tham khảo</subfield>
  </datafield>
  <datafield tag="700" ind1="1" ind2=" ">
   <subfield code="a">Ngọc Hà</subfield>
   <subfield code="e">Tuyển chọn</subfield>
  </datafield>
  <datafield tag="942" ind1=" " ind2=" ">
   <subfield code="2">ddc</subfield>
   <subfield code="c">BK</subfield>
  </datafield>
  <datafield tag="952" ind1=" " ind2=" ">
   <subfield code="0">0</subfield>
   <subfield code="1">0</subfield>
   <subfield code="2">ddc</subfield>
   <subfield code="4">0</subfield>
   <subfield code="6">398_609597000000000_C125Đ</subfield>
   <subfield code="7">0</subfield>
   <subfield code="9">29205</subfield>
   <subfield code="a">000001</subfield>
   <subfield code="b">000001</subfield>
   <subfield code="d">2024-06-18</subfield>
   <subfield code="l">2</subfield>
   <subfield code="o">398.609597 C125Đ</subfield>
   <subfield code="p">TK.04367</subfield>
   <subfield code="r">2024-10-29</subfield>
   <subfield code="s">2024-10-14</subfield>
   <subfield code="v">38000.00</subfield>
   <subfield code="w">2024-06-18</subfield>
   <subfield code="y">BK</subfield>
  </datafield>
  <datafield tag="980" ind1=" " ind2=" ">
   <subfield code="a">Thư viện Trường Đại học Nam Cần Thơ</subfield>
  </datafield>
 </record>
</collection>
